|
|
|
|
| LEADER |
01369nam a2200241 a 4500 |
| 001 |
GR-MES12385 |
| 008 |
070604s gr b 000 0 gre d |
| 020 |
|
|
|a 9601515151
|
| 040 |
|
|
|a GrPaTEI
|b gre
|c GR-PaULI
|
| 040 |
|
|
|a GrPaTEI
|b gre
|c GR-PaULI
|
| 082 |
|
0 |
|a 347
|2 21
|
| 100 |
1 |
|
|a Βάρκα-Αδάμη, Αλεξάνδρα
|
| 245 |
1 |
0 |
|a Εισαγωγή στο αστικό δίκαιο /
|c Αλεξάνδρα Βάρκα Αδάμη.
|
| 260 |
|
|
|a Αθήνα
|a Κομοτηνή :
|b Σάκκουλας,
|c 2005
|
| 300 |
|
|
|a 428σ. ;
|c 24εκ.
|
| 504 |
|
|
|a Περιλαμβάνει βιβλιογραφικές αναφορές.
|
| 650 |
|
4 |
|a Αστικό Δίκαιο
|
| 942 |
|
|
|2 ddc
|
| 952 |
|
|
|0 0
|1 0
|2 ddc
|4 0
|6 347_000000000000000_ΒΑΡ
|7 0
|9 271092
|a MSLG
|b MSLG
|c BSC
|d 2021-01-17
|e 24
|f 0
|g 0.00
|l 0
|o 347 ΒΑΡ
|p 2420000021883
|r 2021-01-17 00:00:00
|t 1
|w 2021-01-17
|y BK15
|x 20070604 0 ΜΑΤΣΙΩΡΗ 1
|x GrPaTEI
|
| 952 |
|
|
|0 0
|1 0
|2 ddc
|4 0
|6 347_000000000000000_ΒΑΡ
|7 0
|9 271093
|a MSLG
|b MSLG
|c BSC
|d 2021-01-17
|e 24
|f 0
|g 0.00
|l 0
|o 347 ΒΑΡ
|p 2420000022769
|r 2021-01-17 00:00:00
|t 1
|w 2021-01-17
|y BK15
|x 20071031 0 1
|x GrPaTEI
|
| 952 |
|
|
|0 0
|1 0
|2 ddc
|4 0
|6 347_000000000000000_ΒΑΡ
|7 0
|9 271094
|a MSLG
|b MSLG
|c BSC
|d 2021-01-17
|e 24
|f 0
|g 0.00
|l 0
|o 347 ΒΑΡ
|p 2420000022770
|r 2021-01-17 00:00:00
|t 1
|w 2021-01-17
|y BK15
|x 20071031 0 1
|x GrPaTEI
|
| 971 |
|
|
|a .b25784328
|b 16-04-20
|c 13-09-16
|
| 999 |
|
|
|c 156528
|d 156528
|